History Quiz

Random History or Clickable Quiz

National Museum by 3 Exhibits Quiz Stats

 Plays Quiz Updated Jan 4, 2019

Score 0/10 Timer 03:00
0 Plays Today
% Correct
Egyptian Museum (Cairo)
93.8%
Israel Museum (Jerusalem)
90.2%
National Taiwan Museum (Taipei)
90%
National Museum of Denmark (Copenhagen)
89.5%
National Museum of Australia (Canberra)
88.6%
National Historical Museum of Argentina (Buenos Aires)
87.2%
National Museum of Ethiopia (Addis Ababa)
83.2%
Canadian Museum of History (Gatineau)
83%
Museum of Belize (Belize City)
76.4%
National Museum of Ireland (Dublin)
74.7%

You're not logged in!

Compare scores with friends on all Sporcle quizzes.
OR
Log In

Sporcle TV

Today on Sporcle TV


Watch our educational content, quiz creation guides, and fun videos on Sporcle TV.

Show Comments

Extras

Top Quizzes Today


Score Distribution

Your Account Isn't Verified!

In order to create a playlist on Sporcle, you need to verify the email address you used during registration. Go to your Sporcle Settings to finish the process.

Report this User

Report this user for behavior that violates our Community Guidelines.

Details: